All Australian Jackaroo medallists at the Commonwealth Games - Statistics

General Stats
  • This quiz has been taken 73 times
  • The average score is 19 of 95
Answer Stats
Years medalled - best result Answer % Correct
2018/22 - Gold Aaron Wilson
95%
1998/2002/06/14 - Gold Karen Murphy
89%
2006/18/22 - Silver Barrie Lester
83%
2022 - Gold Ellen Fife
82%
2006 - Gold Kelvin Kerkow
78%
2014/18 - Silver Aron Sherriff
75%
2006/10 - Gold Mark Casey
69%
2006/14/18 - Silver Nathan Rice
66%
2010/14/18 - Gold Kelsey Cottrell
63%
2006/14 - Gold Lynsey Clarke
54%
2022 - Silver Ben Twist
51%
2018 - Gold Rebecca Van Asch
51%
2010/14/18 - Silver Brett Wilkie
48%
2022 Gold Kristina Van Nierop
48%
2018 - Gold Natasha Van Eldik
45%
1982/90/94 - Gold Rob Parrella
43%
2006/10 - Gold Wayne Turley
43%
2022 - Silver Carl Healey
42%
2014 - Bronze Matt Flapper
37%
2010 - Silver Leif Selby
35%
2018 - Gold Carla Krizanic
31%
2014 - Bronze Wayne Ruediger
29%
1998 - Gold Brett Duprez
28%
2010 - Silver Claire Turley
28%
2002 - Bronze James Reynolds
23%
1998 - Gold Mark Jacobsen
23%
1994/98 - Gold Rex Johnston
23%
2022 - Silver Serena Bonnell
23%
2006 - Gold Bill Cornehls
22%
1986/90 - Gold Ian Schuback
22%
1994 - Gold Cameron Curtis
20%
2006 - Silver Roma Dunn
20%
2018 - Gold Tony Bonnell
20%
2022 - Silver Damien Delgado
18%
2018 - Gold Jake Fehlberg
17%
1978 - Silver John Snell
17%
1986 - Silver Patricia Smith
15%
1974 - Silver Errol Stewart
14%
2018 - Gold Josh Thornton
14%
1998 - Silver Stewart Davies
14%
2006 - Silver Ceri Ann Davies
12%
2022 - Silver Chris Flavel
12%
2018 - Gold (Director) Grant Fehlberg
12%
2018 - Gold Ken Hanson
12%
2006 - Silver Noi Tucker
11%
2010 - Silver Sharyn Renshaw
11%
1982 - Gold Bert Sharp
9%
2014 - Bronze Bruce Jones
9%
2022 - Silver Cheryl Lindfield
9%
1994 - Silver Ian Taylor
9%
2014 - Bronze Peter Scott
9%
2014 - Bronze Tony Scott
9%
1998 - Silver Adam Jeffery
8%
2010 - Silver Julie Keegan
8%
1974/82 - Gold Keith Poole
8%
1998 - Silver Lee Poletti
8%
1998 - Silver Margaret Sumner
8%
1982 - Bronze Peter Rheuben
8%
1994 - Silver Robert Ball
8%
1994 - Silver Stephen Anderson
8%
1990 - Gold Trevor Morris
8%
1990 - Gold Daphne Shaw
6%
1994 - Silver Steve Srhoy
6%
2018 - Gold (Director) Bob Seymour
5%
1982 - Bronze Denis Dalton
5%
1982 - Gold Don Sherman
5%
1938 - Bronze Jack Low
5%
2014 - Bronze Jay Forster
5%
1998 - Silver Kevin Walsh
5%
2018 - Gold Lynne Seymour
5%
1998 - Silver Marilyn Peddell
5%
1938 - Silver Percy Hutton
5%
1982 - Gold Rob Dobbins
5%
1974 - Silver Robert King
5%
1998 - Bronze Willow Fong
5%
1950 - Silver Albert Newton
3%
1990 - Gold Audrey Rutherford
3%
1974 - Silver Clive White
3%
1974 - Silver Errol Bungey
3%
1998 - Bronze Gordana Baric
3%
1950 - Silver James Cobley
3%
1950 - Silver John Cobley
3%
1950 - Silver Len Knight
3%
1990 - Gold Marion Stevens
3%
2002 - Bronze Neville Read
3%
1950 - Silver Charles Cordaiy
2%
1990 - Gold Dorothy Roche
2%
1990 - Silver Edda Bonutto
2%
1938 - Silver Howard Mildren
2%
1994 - Gold John Hubbard
2%
1990 - Silver Maureen Hobbs
2%
2002 - Bronze Phillip Kearins
2%
1986 - Silver Audrey Hefford
0%
1986 - Silver Betty Schenke
0%
1986 - Silver Clarice Power
0%
No matching quizzes found
Score Distribution
Percent of People with Each Score
Percentile by Number Answered
Your Score History
You have not taken this quiz